<?xml version="1.0" encoding="UTF-8"?>
<record
    xmlns:xsi="http://www.w3.org/2001/XMLSchema-instance"
    xsi:schemaLocation="http://www.loc.gov/MARC21/slim http://www.loc.gov/standards/marcxml/schema/MARC21slim.xsd"
    xmlns="http://www.loc.gov/MARC21/slim">

  <leader>00956nam a2200229Ia 4500</leader>
  <controlfield tag="003">Ost</controlfield>
  <controlfield tag="005">20260507075657.0</controlfield>
  <controlfield tag="008">260507s9999||||xx |||||||||||||| ||und||</controlfield>
  <datafield tag="040" ind1=" " ind2=" ">
    <subfield code="c">fsecg</subfield>
  </datafield>
  <datafield tag="041" ind1=" " ind2=" ">
    <subfield code="a">ara</subfield>
  </datafield>
  <datafield tag="082" ind1=" " ind2=" ">
    <subfield code="a">339.47</subfield>
  </datafield>
  <datafield tag="100" ind1=" " ind2=" ">
    <subfield code="a">&#x627;&#x644;&#x646;&#x627;&#x642;&#x629;&#x60C; &#x623;&#x62D;&#x645;&#x62F; &#x623;&#x628;&#x648; &#x627;&#x644;&#x641;&#x62A;&#x648;&#x62D; &#x639;&#x644;&#x64A;</subfield>
    <subfield code="e">&#x645;&#x624;&#x644;&#x641;</subfield>
  </datafield>
  <datafield tag="245" ind1=" " ind2="0">
    <subfield code="a">&#x627;&#x642;&#x62A;&#x635;&#x627;&#x62F;&#x64A;&#x627;&#x62A; &#x627;&#x644;&#x625;&#x646;&#x641;&#x627;&#x642; &#x627;&#x644;&#x62F;&#x641;&#x627;&#x639;&#x64A; :</subfield>
    <subfield code="b">&#x645;&#x62D;&#x62F;&#x62F;&#x627;&#x62A;&#x647; &#x648;&#x622;&#x62B;&#x627;&#x631;&#x647; &#x627;&#x644;&#x627;&#x642;&#x62A;&#x635;&#x627;&#x62F;&#x64A;&#x629; /</subfield>
    <subfield code="c"> &#x623;&#x62D;&#x645;&#x62F; &#x623;&#x628;&#x648; &#x627;&#x644;&#x641;&#x62A;&#x648;&#x62D; &#x639;&#x644;&#x64A; &#x627;&#x644;&#x646;&#x627;&#x642;&#x629;</subfield>
  </datafield>
  <datafield tag="260" ind1=" " ind2=" ">
    <subfield code="a">&#x627;&#x644;&#x627;&#x633;&#x643;&#x646;&#x62F;&#x64A;&#x629;: </subfield>
    <subfield code="b">&#x645;&#x643;&#x62A;&#x628;&#x629; &#x648;&#x645;&#x637;&#x628;&#x639;&#x629; &#x627;&#x644;&#x627;&#x634;&#x639;&#x627;&#x639; &#x627;&#x644;&#x641;&#x646;&#x64A;&#x629;, </subfield>
    <subfield code="c">2001</subfield>
  </datafield>
  <datafield tag="300" ind1=" " ind2=" ">
    <subfield code="a">52  &#x635;&#x641;&#x62D;&#x629;&#x61B; </subfield>
    <subfield code="b">&#x625;&#x64A;&#x636;&#x627;&#x62D;&#x627;&#x62A; &#x61B;</subfield>
    <subfield code="c">24 &#x633;&#x645;</subfield>
  </datafield>
  <datafield tag="520" ind1=" " ind2=" ">
    <subfield code="a">&#x645;&#x62F;&#x649; &#x62E;&#x627;&#x631;&#x62C;&#x64A;&#x629; &#x627;&#x644;&#x627;&#x646;&#x641;&#x627;&#x642; &#x627;&#x644;&#x62F;&#x641;&#x627;&#x639;&#x64A; &#x648;&#x645;&#x62D;&#x62F;&#x62F;&#x627;&#x62A;&#x647;&#x60C; &#x627;&#x644;&#x622;&#x62B;&#x627;&#x631; &#x627;&#x644;&#x627;&#x642;&#x62A;&#x635;&#x627;&#x62F;&#x64A;&#x629; &#x644;&#x644;&#x627;&#x646;&#x641;&#x627;&#x642; &#x627;&#x644;&#x62F;&#x641;&#x627;&#x639;&#x64A;.</subfield>
  </datafield>
  <datafield tag="653" ind1=" " ind2=" ">
    <subfield code="a">&#x627;&#x644;&#x623;&#x62B;&#x627;&#x631; &#x627;&#x644;&#x625;&#x642;&#x62A;&#x635;&#x627;&#x62F;&#x64A;&#x629;</subfield>
  </datafield>
  <datafield tag="653" ind1=" " ind2=" ">
    <subfield code="a">&#x627;&#x644;&#x625;&#x633;&#x62A;&#x647;&#x644;&#x627;&#x643;</subfield>
  </datafield>
  <datafield tag="653" ind1=" " ind2=" ">
    <subfield code="a">&#x627;&#x644;&#x625;&#x646;&#x641;&#x627;&#x642;</subfield>
  </datafield>
  <datafield tag="653" ind1=" " ind2=" ">
    <subfield code="a">&#x627;&#x644;&#x62F;&#x641;&#x627;&#x639; &#x627;&#x644;&#x648;&#x637;&#x646;&#x64A;</subfield>
  </datafield>
  <datafield tag="942" ind1=" " ind2=" ">
    <subfield code="c">&#x643;&#x62A;&#x627;&#x628;</subfield>
  </datafield>
  <datafield tag="999" ind1=" " ind2=" ">
    <subfield code="c">45717</subfield>
    <subfield code="d">45717</subfield>
  </datafield>
</record>
